Sổ tay định mức tiêu hao vật liệu và năng lượng điện trong hàn /
Hàn và nguồn nhiệt hàn. Hàn hồ quang. Hàn khí và hàn vảy. Hàn điện tiếp xúc. Định mức tiêu hao vật liệu hàn hồ quang. Tính toán và xác định tiêu hao năng lượng điện.
Spremljeno u:
| Glavni autor: | |
|---|---|
| Format: | Knjiga |
| Jezik: | Vietnamese |
| Izdano: |
Hà Nội :
Khoa học và kỹ thuật,
1999.
|
| Teme: | |
| Oznake: |
Dodaj oznaku
Bez oznaka, Budi prvi tko označuje ovaj zapis!
|
| Thư viện lưu trữ: | Mạng thư viện Đại học Đà Nẵng |
|---|
| LEADER | 01052cam a2200325 i 4500 | ||
|---|---|---|---|
| 001 | 000044313 | ||
| 003 | 2680 | ||
| 005 | 20030917102407.0 | ||
| 008 | 010315b1999 vm 000 vie | ||
| 020 | |c 16500 | ||
| 040 | |a IRC |c IRC |d IRC | ||
| 041 | 0 | |a vie | |
| 082 | 1 | 4 | |a 671.521 |b HO-T |
| 100 | 1 | |a Hoàng Tùng. | |
| 245 | 0 | 0 | |a Sổ tay định mức tiêu hao vật liệu và năng lượng điện trong hàn / |c Hoàng Tùng. |
| 260 | |a Hà Nội : |b Khoa học và kỹ thuật, |c 1999. | ||
| 300 | |a 244tr. ; |c 20,5cm. | ||
| 520 | 3 | |a Hàn và nguồn nhiệt hàn. Hàn hồ quang. Hàn khí và hàn vảy. Hàn điện tiếp xúc. Định mức tiêu hao vật liệu hàn hồ quang. Tính toán và xác định tiêu hao năng lượng điện. | |
| 630 | 0 | 4 | |a Hàn. |
| 650 | 0 | 4 | |a Hàn |v Sổ tay. |
| OWN | |a DUT | ||
| 999 | |a From the UDN01 | ||
| TYP | |a Monograph | ||
| TYP | |a Printed language | ||
| 980 | |a Mạng thư viện Đại học Đà Nẵng | ||